|
|
|
|
| LEADER |
00000cam a2200000 7i4500 |
| 001 |
0000109876 |
| 005 |
20070704.0 |
| 020 |
|
|
|a 9036615798
|
| 090 |
0 |
0 |
|a 711.558
|b HUN
|
| 245 |
0 |
0 |
|a 100 most beautiful squares of the world :
|b a journey around 5 continents
|
| 260 |
|
|
|a England :
|b Rebo International ,
|c 2004
|
| 300 |
|
|
|a 208p. ;
|c 35cm.
|
| 650 |
0 |
0 |
|a Architecture
|x Human factors
|
| 650 |
0 |
0 |
|a City palnning
|
| 650 |
0 |
0 |
|a Plazas
|
| 650 |
0 |
0 |
|a Public spaces
|
| 650 |
0 |
0 |
|a Recreation areas
|x Design and construction
|
| 700 |
1 |
|
|a Leier, Manfred
|f Dr.
|
| 999 |
|
|
|a 00204204
|b BUKU
|c RUJUKAN
|e PERPUSTAKAAN KOMUNITI PETALING JAYA
|